[Event "Bayerische EM 2021 - Männer"]
[Site "Schney"]
[Date "2021.08.25"]
[Round "6.17"]
[White "Fuchs, Florian"]
[Black "Link, Klaus"]
[Result "1-0"]
[WhiteElo "1766"]
[BlackElo "1982"]
[PlyCount "67"]
[EventDate "2021.??.??"]
[WhiteTeam "DJK SF Haselbach"]
[BlackTeam "SK Klingenberg"]

1. e4 c6 2. e5 d5 3. exd6 exd6 4. d4 Nf6 5. Bd3 Be7 6. Ne2 Bg4 7. h3 Bh5 8. c3
O-O 9. O-O Nbd7 10. Bf4 Re8 11. Re1 Nd5 12. Bh2 Bh4 13. Qd2 Bg5 14. Qc2 Nf8 15.
Nd2 Bxd2 16. Qxd2 Bg6 17. Ng3 Bxd3 18. Qxd3 Qg5 19. Ne4 Nf4 20. Qf3 Rxe4 21.
Rxe4 N4e6 22. Bxd6 Qd5 23. Bf4 Ng6 24. Bd2 b5 25. Re3 Rd8 26. Qxd5 cxd5 27. a4
a6 28. axb5 axb5 29. g3 Ne7 30. Ra6 Nf5 31. Re1 h6 32. Kg2 Nd6 33. Rc1 Nc7 34.
Ra7 1-0

[Event "Bayerische EM 2021 - Männer"]
[Site "Schney"]
[Date "2021.08.25"]
[Round "6.18"]
[White "Gebhardt, Christian"]
[Black "Heimerl, Detlev"]
[Result "1/2-1/2"]
[WhiteElo "1884"]
[BlackElo "1940"]
[PlyCount "31"]
[EventDate "2021.??.??"]
[WhiteTeam "SV Seubelsdorf"]
[BlackTeam "SF Kirchenlamitz"]

1. d4 d5 2. Nc3 Bf5 3. Bf4 c6 4. e3 e6 5. f3 Nf6 6. g4 Bg6 7. h4 h6 8. Bd3 Bxd3
9. Qxd3 Bd6 10. Nge2 Na6 11. a3 Qe7 12. Bxd6 Qxd6 13. O-O-O O-O-O 14. e4 dxe4
15. Nxe4 Qe7 16. Qb3 1/2-1/2

[Event "Bayerische EM 2021 - Männer"]
[Site "Schney"]
[Date "2021.08.26"]
[Round "7.1"]
[White "Wisnet, Dominic"]
[Black "Schulz, Lukas"]
[Result "1/2-1/2"]
[WhiteElo "2304"]
[BlackElo "2274"]
[PlyCount "68"]
[EventDate "2021.??.??"]
[WhiteTeam "SK Passau"]
[BlackTeam "SC Erlangen"]

1. Nf3 Nf6 2. c4 g6 3. g3 Bg7 4. Bg2 O-O 5. O-O d6 6. Nc3 e5 7. d3 Nbd7 8. Rb1
Nh5 9. d4 f5 10. dxe5 dxe5 11. Bg5 Nhf6 12. Qd2 c6 13. Rfd1 Qc7 14. Bh6 Nc5 15.
Bxg7 Kxg7 16. b4 Nce4 17. Qb2 Nxc3 18. Qxc3 e4 19. Nd4 a5 20. a3 axb4 21. axb4
Kf7 22. Ra1 Rxa1 23. Rxa1 Rd8 24. Nb3 Ng4 25. f3 exf3 26. exf3 Qe5 27. Qxe5
Nxe5 28. c5 Nd3 29. b5 cxb5 30. Ra7 Kf6 31. Ra8 Ke7 32. Ra7 Kf6 33. Ra8 Ke7 34.
Ra7 Kf6 1/2-1/2

[Event "Bayerische EM 2021 - Männer"]
[Site "Schney"]
[Date "2021.08.26"]
[Round "7.2"]
[White "Miller, Eduard"]
[Black "Reimann, Sebastian"]
[Result "1-0"]
[WhiteElo "2380"]
[BlackElo "2213"]
[PlyCount "137"]
[EventDate "2021.??.??"]
[WhiteTeam "SC Erlangen"]
[BlackTeam "SK Kriegshaber"]

1. e4 c5 2. Be2 Nc6 3. f4 d5 4. d3 e6 5. Nf3 Bd6 6. O-O Nge7 7. c3 O-O 8. Be3
b6 9. e5 Bc7 10. d4 f6 11. Na3 cxd4 12. cxd4 a6 13. Rc1 Bd7 14. Bd3 b5 15. Nh4
Bb6 16. Nc2 fxe5 17. fxe5 Rxf1+ 18. Kxf1 Rc8 19. Qh5 g6 20. Qg5 Nf5 21. Qxd8+
Nxd8 22. Nxf5 exf5 23. Rd1 a5 24. Ne1 Ne6 25. Nf3 f4 26. Bf2 b4 27. Ke2 Kf7 28.
Kd2 h6 29. g3 g5 30. Bf5 Ke7 31. Bxe6 Bxe6 32. gxf4 gxf4 33. Nh4 Kf7 34. Ng2
Bf5 35. Nxf4 Rc2+ 36. Ke3 Be4 37. Rd2 Rc1 38. e6+ Ke8 39. Bh4 Bc7 40. Nh5 Bg6
41. Ng7+ Kf8 42. e7+ Kxg7 43. Rg2 Bg3 44. Bxg3 Kf7 45. Bd6 Re1+ 46. Kd2 Re6 47.
Rf2+ Ke8 48. Rf8+ Kd7 49. Bc5 Be8 50. Rh8 h5 51. Rg8 Rg6 52. Rxg6 Bxg6 53. Ke3
Bc2 54. Kf4 Ke8 55. Ke5 Bb1 56. Kf6 Bc2 57. h4 Bd3 58. Ke5 Bb1 59. Kxd5 Bxa2+
60. Ke5 Bf7 61. Kf6 Bd5 62. Kg5 Bf7 63. Kf6 Bd5 64. Kg5 Bf7 65. d5 Kd7 66. Kh6
b3 67. Kg7 Be8 68. Kf6 a4 69. Ba3 1-0

[Event "Bayerische EM 2021 - Männer"]
[Site "Schney"]
[Date "2021.08.26"]
[Round "7.3"]
[White "Kocak, Ediz"]
[Black "Ammon, Tobias"]
[Result "0-1"]
[WhiteElo "1996"]
[BlackElo "2168"]
[PlyCount "62"]
[EventDate "2021.??.??"]
[WhiteTeam "SGem 1882 Fürth"]
[BlackTeam "SV Altensittenbach"]

1. e4 c5 2. Nf3 e6 3. g3 d5 4. exd5 exd5 5. d4 Nf6 6. Bg2 Be7 7. O-O O-O 8.
dxc5 Bxc5 9. Nc3 Nc6 10. a3 a6 11. b4 Ba7 12. Bb2 h6 13. Qd3 Be6 14. Ne2 Rc8
15. Ned4 Nxd4 16. Nxd4 Bd7 17. Rfe1 Re8 18. Rac1 Qb6 19. h3 Rxe1+ 20. Rxe1 Qc7
21. Re2 Qc4 22. Nf5 Qxd3 23. Ne7+ Kf8 24. cxd3 Re8 25. Be5 Rxe7 26. Bd6 Be6 27.
Rc2 Ne8 28. Bxe7+ Kxe7 29. Kf1 Kd7 30. Ke2 Nd6 31. g4 Nb5 0-1

[Event "Bayerische EM 2021 - Männer"]
[Site "Schney"]
[Date "2021.08.26"]
[Round "7.4"]
[White "Willim, Michael"]
[Black "Schmid, Roland"]
[Result "0-1"]
[WhiteElo "2076"]
[BlackElo "2325"]
[PlyCount "156"]
[EventDate "2021.??.??"]
[WhiteTeam "SC Erlangen"]
[BlackTeam "Post Regensburg"]

1. c4 c6 2. Nc3 d5 3. e3 Nf6 4. Nf3 e6 5. d4 Nbd7 6. Be2 Bd6 7. O-O O-O 8. b3
Qe7 9. Bb2 b6 10. Rc1 Bb7 11. Bd3 Rad8 12. Rc2 e5 13. dxe5 Nxe5 14. cxd5 Nxd3
15. Qxd3 Bb8 16. Rd2 cxd5 17. Qd4 Rfe8 18. Rfd1 Rc8 19. Ne2 Qe4 20. Ng3 Qxd4
21. Nxd4 g6 22. Rc2 Be5 23. Rdc1 Ng4 24. Nf1 h5 25. h3 Nh6 26. Nd2 a6 27. N2f3
Bd6 28. Rxc8 Rxc8 29. Rxc8+ Bxc8 30. Nc6 Bf5 31. Be5 Ba3 32. Nfd4 Bb1 33. Nb8
Bxa2 34. Nxa6 Nf5 35. Nc7 Nxd4 36. Bxd4 Bxb3 37. Bxb6 Bc4 38. Ne8 Kf8 39. Nf6
Ke7 40. Bd4 Ke6 41. g4 Be7 42. g5 Kf5 43. f4 Ke6 44. Kf2 Bb4 45. Be5 Bb5 46.
Bd4 Bc6 47. Be5 Ke7 48. Bd4 Kd8 49. Be5 Kc8 50. Bd4 Kb7 51. Ng8 Bd7 52. h4 Kc6
53. Nf6 Be6 54. Ke2 Kb5 55. Ba7 Kc4 56. Bb6 Bc8 57. Ba7 Ba6 58. Ng8 Kc3+ 59.
Kf2 Bb5 60. Nh6 Be8 61. Ke2 Bf8 62. Bd4+ Kc2 63. Bb6 f5 64. Ng8 Bb5+ 65. Kf2
Bb4 66. Bd8 Kd1 67. Ne7 Be1+ 68. Kg2 Be8 69. Bb6 Ke2 70. Nxd5 Bc6 71. e4 fxe4
72. Ne7 Bb7 73. f5 e3+ 74. Kh2 gxf5 75. g6 f4 76. Bxe3 Bg3+ 77. Kh3 Kxe3 78. g7
Kf2 0-1

[Event "Bayerische EM 2021 - Männer"]
[Site "Schney"]
[Date "2021.08.26"]
[Round "7.5"]
[White "Reis, Gerhard"]
[Black "Fuchs, Michael"]
[Result "1/2-1/2"]
[WhiteElo "2223"]
[BlackElo "2086"]
[PlyCount "53"]
[EventDate "2021.??.??"]
[WhiteTeam "SW Nürnberg Süd"]
[BlackTeam "DJK SF Haselbach"]

1. d4 d5 2. c4 c6 3. Nf3 Nf6 4. Nc3 e6 5. g3 dxc4 6. Bg2 Be7 7. O-O O-O 8. Ne5
Nbd7 9. Nxc4 Nb6 10. Ne5 Nbd5 11. e4 Nxc3 12. bxc3 Nd7 13. Nd3 c5 14. a4 cxd4
15. cxd4 Nb6 16. a5 Nc4 17. Qa4 b5 18. Qxb5 Qxd4 19. Nb2 Nd6 20. Qe2 Rb8 21.
Rd1 Qc3 22. e5 Nf5 23. Ra4 Rd8 24. Qe1 Qxe1+ 25. Rxe1 Ba6 26. Bf1 Bb7 27. Bg2
1/2-1/2

[Event "Bayerische EM 2021 - Männer"]
[Site "Schney"]
[Date "2021.08.26"]
[Round "7.6"]
[White "Köhler, Lukas"]
[Black "Schatz, Christian"]
[Result "1/2-1/2"]
[WhiteElo "2102"]
[BlackElo "2186"]
[PlyCount "65"]
[EventDate "2021.??.??"]
[WhiteTeam "SC Bamberg"]
[BlackTeam "SC Postbauer-Heng"]

1. d4 Nf6 2. Bg5 Ne4 3. Bf4 c5 4. f3 Qa5+ 5. c3 Nf6 6. d5 d6 7. e4 g6 8. Qd2 h5
9. c4 Qxd2+ 10. Bxd2 Bg7 11. Nc3 O-O 12. Bd3 Nbd7 13. f4 a6 14. a4 Ng4 15. Nf3
Nh6 16. O-O Re8 17. Rae1 Nf8 18. h3 Rb8 19. Re2 f6 20. Rfe1 Nf7 21. Be3 Bd7 22.
Bf2 e5 23. fxe5 fxe5 24. Be3 Bh6 25. Bxh6 Nxh6 26. Rb1 a5 27. Rf1 Nh7 28. Kf2
Rf8 29. Ke1 Rf6 30. Ref2 Kg7 31. Nd2 Rxf2 32. Rxf2 Nf6 33. Nf3 1/2-1/2

[Event "Bayerische EM 2021 - Männer"]
[Site "Schney"]
[Date "2021.08.26"]
[Round "7.7"]
[White "Lohr, Maximilian"]
[Black "Heimrath, Reiner"]
[Result "1/2-1/2"]
[WhiteElo "2011"]
[BlackElo "2170"]
[PlyCount "75"]
[EventDate "2021.??.??"]
[WhiteTeam "FC Ergolding"]
[BlackTeam "SC N-T Nürnberg"]

1. e4 e5 2. Nf3 Nc6 3. d4 exd4 4. Nxd4 Bc5 5. Nb3 Be7 6. Nc3 Nf6 7. Be3 d6 8.
f3 O-O 9. Qd2 Re8 10. O-O-O a5 11. Bb5 Bd7 12. Bxc6 bxc6 13. Nd4 c5 14. Nde2
Qb8 15. Nf4 Be6 16. Ncd5 Bxd5 17. Nxd5 Nxd5 18. exd5 Bf6 19. c3 Qb5 20. Rhe1
Qc4 21. Kb1 Rab8 22. Bg5 Rxe1 23. Rxe1 Bxc3 24. Qc2 Qd4 25. Qb3 Bb4 26. Re4
Qg1+ 27. Bc1 Rf8 28. Qc2 c4 29. h3 c3 30. b3 g6 31. h4 Rb8 32. h5 a4 33. Qe2
gxh5 34. Kc2 axb3+ 35. axb3 Bc5 36. Bh6 Qf2 37. Qxf2 Bxf2 38. Kxc3 1/2-1/2

[Event "Bayerische EM 2021 - Männer"]
[Site "Schney"]
[Date "2021.08.26"]
[Round "7.8"]
[White "Höller, Armin"]
[Black "Löw, Gerald"]
[Result "0-1"]
[WhiteElo "1994"]
[BlackElo "2166"]
[PlyCount "124"]
[EventDate "2021.??.??"]
[WhiteTeam "SK Weilheim"]
[BlackTeam "TSV Bindlach"]

1. c4 e5 2. g3 d6 3. Bg2 f5 4. d3 Nf6 5. Nc3 Be7 6. e3 O-O 7. Nge2 c6 8. O-O
Be6 9. f4 Nbd7 10. b3 Rc8 11. Qd2 a6 12. a4 a5 13. Ba3 g6 14. h3 Bf7 15. Rab1
Re8 16. Rfd1 Bf8 17. e4 fxe4 18. dxe4 Qb6+ 19. Kh2 Nc5 20. f5 Rcd8 21. g4 Rd7
22. Ng3 Red8 23. g5 Ne8 24. h4 Nc7 25. Bh3 Re7 26. Bxc5 Qxc5 27. Bg4 Na6 28. h5
Nb4 29. Rf1 Qd4 30. Rbd1 Qxd2+ 31. Rxd2 Rc7 32. Rf3 Be7 33. hxg6 hxg6 34. f6
Bf8 35. Kh1 Re8 36. Rh2 Be6 37. Bxe6+ Rxe6 38. Nd1 Rh7 39. Nf2 Rxh2+ 40. Kxh2
Nc2 41. Nf1 Nd4 42. Rh3 d5 43. cxd5 cxd5 44. exd5 Rb6 45. Ne4 Nxb3 46. d6 Nd4
47. d7 Ne6 48. Rd3 Rb4 49. Nfd2 Nd8 50. Rd5 Rxa4 51. Rxe5 Rd4 52. Re7 a4 53.
Nb1 Nc6 54. f7+ Kg7 55. Re6 Rxd7 56. Nf6 Rxf7 57. Ne8+ Kh7 58. Nf6+ Kh8 59. Re4
Bd6+ 60. Kg2 Be5 61. Rxa4 Bxf6 62. gxf6 Rxf6 0-1

[Event "Bayerische EM 2021 - Männer"]
[Site "Schney"]
[Date "2021.08.26"]
[Round "7.9"]
[White "Delitzsch, Jürgen"]
[Black "GroÃŸhans, Ralf-Michael"]
[Result "1/2-1/2"]
[WhiteElo "2110"]
[BlackElo "2046"]
[PlyCount "38"]
[EventDate "2021.??.??"]
[WhiteTeam "TSV Bindlach"]
[BlackTeam "SG Kuppenheim"]

1. e4 Nf6 2. e5 Nd5 3. d4 d6 4. Bc4 c6 5. f4 Bf5 6. Nf3 e6 7. O-O Be7 8. Bd3
O-O 9. Bxf5 exf5 10. c4 Nc7 11. Nc3 d5 12. Qb3 b6 13. Be3 dxc4 14. Qxc4 Nd5 15.
Nxd5 cxd5 16. Qc2 Qd7 17. Rfc1 Rd8 18. Bf2 Na6 19. Qe2 Nc7 1/2-1/2

[Event "Bayerische EM 2021 - Männer"]
[Site "Schney"]
[Date "2021.08.26"]
[Round "7.10"]
[White "Böhme, Markus"]
[Black "Reimann, Matthias"]
[Result "1/2-1/2"]
[WhiteElo "2114"]
[BlackElo "2017"]
[PlyCount "51"]
[EventDate "2021.??.??"]
[WhiteTeam "SC Uttenreuth"]
[BlackTeam "SK Kriegshaber"]

1. Nf3 c5 2. e4 Nc6 3. Bb5 g6 4. O-O Bg7 5. c3 Nf6 6. Re1 O-O 7. d4 d5 8. e5
Ne4 9. Be3 Qb6 10. Bxc6 bxc6 11. Qc1 c4 12. Nbd2 Nxd2 13. Nxd2 Bf5 14. b3 cxb3
15. axb3 f6 16. Qa3 Qc7 17. Bf4 Rfe8 18. Qc5 Qb6 19. Ra5 Bf8 20. Rea1 Rac8 21.
Rxa7 Qxc5 22. dxc5 Bg7 23. exf6 Bxf6 24. Rc1 e5 25. Bg3 Bg5 26. Ra2 1/2-1/2

[Event "Bayerische EM 2021 - Männer"]
[Site "Schney"]
[Date "2021.08.26"]
[Round "7.11"]
[White "Bunk, Wolfgang"]
[Black "Kanewski, Josef"]
[Result "1/2-1/2"]
[WhiteElo "2025"]
[BlackElo "2084"]
[PlyCount "108"]
[EventDate "2021.??.??"]
[WhiteTeam "SC Bavaria Regensburg"]
[BlackTeam "SK Weiden"]

1. d4 f5 2. Bg5 Nf6 3. Bxf6 exf6 4. e3 d5 5. c4 Be6 6. cxd5 Bxd5 7. Nc3 Bf7 8.
Qf3 Qc8 9. Bd3 g6 10. h4 Bb4 11. h5 Rg8 12. hxg6 hxg6 13. e4 Bxc3+ 14. bxc3
fxe4 15. Bxe4 Qe6 16. Kf1 Qc4+ 17. Ne2 Nd7 18. Re1 O-O-O 19. Bxb7+ Kb8 20. Ba8
Qa6 21. Rh7 Rgf8 22. Kg1 Rde8 23. Bc6 Re7 24. Bxd7 Qxa2 25. Rxf7 Rfxf7 26. Qc6
Qb2 27. Be6 Rf8 28. Bd5 Kc8 29. Qa8+ Qb8 30. Qc6 Rfe8 31. Bf3 Re6 32. Qc4 Qb2
33. Qd3 f5 34. Rb1 Qa2 35. Bb7+ Kd8 36. Ng3 Re1+ 37. Rxe1 Rxe1+ 38. Nf1 Qb1 39.
Qa6 Rxf1+ 40. Qxf1 Qxb7 41. Qc4 Qb6 42. Qd5+ Ke7 43. Qe5+ Kf7 44. Qd5+ Qe6 45.
Qc5 Qb6 46. Qc4+ Kf6 47. Qe2 Qe6 48. Qd2 c6 49. Qb2 a5 50. Qa3 Qe1+ 51. Kh2
Qxf2 52. Qd6+ Kg5 53. Qxc6 Qh4+ 54. Kg1 Qe1+ 1/2-1/2

[Event "Bayerische EM 2021 - Männer"]
[Site "Schney"]
[Date "2021.08.26"]
[Round "7.12"]
[White "Schmid, Franz"]
[Black "Steinhauer, Artur"]
[Result "0-1"]
[WhiteElo "2197"]
[BlackElo "1580"]
[PlyCount "78"]
[EventDate "2021.??.??"]
[WhiteTeam "SK Passau"]
[BlackTeam "SC Bavaria Regensburg"]

1. e4 c6 2. d4 d5 3. Nc3 dxe4 4. Nxe4 Bf5 5. Ng3 Bg6 6. h4 h6 7. Nf3 Nd7 8. h5
Bh7 9. Bd3 Bxd3 10. Qxd3 e6 11. Bd2 Ngf6 12. Ne4 Nxe4 13. Qxe4 Nf6 14. Qe2 Be7
15. O-O-O Qd5 16. c4 Qe4 17. Be3 Ng4 18. Rd3 Nxf2 19. Rhd1 Nxd3+ 20. Rxd3 Bf6
21. Nd2 Qh7 22. d5 cxd5 23. cxd5 Rc8+ 24. Kd1 O-O 25. d6 Bxb2 26. Nb3 Bf6 27.
d7 Ra8 28. Nc5 b6 29. Nb7 Qe4 30. Nd6 Qa4+ 31. Ke1 Qxd7 32. Ne4 Qe7 33. Bxh6
gxh6 34. Rd7 Bh4+ 35. g3 Qxd7 36. Qg4+ Kh8 37. Qxh4 f5 38. Nd2 Rad8 39. Qf4
Qxd2+ 0-1

[Event "Bayerische EM 2021 - Männer"]
[Site "Schney"]
[Date "2021.08.26"]
[Round "7.13"]
[White "Homi, Joseph"]
[Black "Birkholz, Olga"]
[Result "1-0"]
[WhiteElo "2103"]
[BlackElo "2018"]
[PlyCount "65"]
[EventDate "2021.??.??"]
[WhiteTeam "SGem 1882 Fürth"]
[BlackTeam "TSV Bindlach"]

1. e4 c6 2. Nc3 d6 3. d4 Qc7 4. Bc4 b5 5. Bd3 g6 6. f4 Bg7 7. Nf3 Bg4 8. Be3 e5
9. Ne2 exd4 10. Nexd4 Ne7 11. h3 Bd7 12. O-O a6 13. c3 O-O 14. Qe1 c5 15. Ne2
f5 16. Ng3 Nbc6 17. Rd1 Rae8 18. Qd2 fxe4 19. Bxe4 Nf5 20. Nxf5 gxf5 21. Bd5+
Kh8 22. Ng5 Bc8 23. Rfe1 Nd8 24. Qe2 Ne6 25. Bf2 Nxg5 26. Qxe8 Bd7 27. Qh5 Ne4
28. Rxe4 fxe4 29. Bxe4 h6 30. Qg6 Kg8 31. Qh7+ Kf7 32. Bg6+ Ke6 33. f5+ 1-0

[Event "Bayerische EM 2021 - Männer"]
[Site "Schney"]
[Date "2021.08.26"]
[Round "7.14"]
[White "Wunder, Stefan"]
[Black "Fuchs, Florian"]
[Result "0-1"]
[WhiteElo "2024"]
[BlackElo "1766"]
[PlyCount "88"]
[EventDate "2021.??.??"]
[WhiteTeam "FC Nordhalben"]
[BlackTeam "DJK SF Haselbach"]

1. Nf3 c5 2. g3 Nc6 3. Bg2 e5 4. d3 Nge7 5. c4 g6 6. Nc3 Bg7 7. O-O O-O 8. Ne1
d6 9. Nc2 Be6 10. Ne3 Qd7 11. Ned5 Bh3 12. Bh6 Bxg2 13. Kxg2 f5 14. Bxg7 Kxg7
15. f4 Nxd5 16. cxd5 Ne7 17. e4 b5 18. fxe5 dxe5 19. Qc2 g5 20. Ne2 Rac8 21. b3
Ng6 22. Qd2 f4 23. Rac1 Qg4 24. Kh1 Rf6 25. Ng1 fxg3 26. Rxf6 Kxf6 27. Rf1+ Nf4
28. hxg3 Qxg3 29. Qh2 Qxh2+ 30. Kxh2 g4 31. Ne2 Kg5 32. Nxf4 exf4 33. e5 Rd8
34. d6 Kf5 35. Re1 Ke6 36. Re4 Rf8 37. b4 c4 38. dxc4 bxc4 39. Rxc4 Kxe5 40.
Rc7 f3 41. d7 f2 42. Rc1 Ke6 43. Rd1 Ke7 44. Kg2 f1=Q+ 0-1

[Event "Bayerische EM 2021 - Männer"]
[Site "Schney"]
[Date "2021.08.26"]
[Round "7.15"]
[White "Brunner, Tobias"]
[Black "Sesselmann, Christoph"]
[Result "1-0"]
[WhiteElo "1998"]
[BlackElo "1887"]
[PlyCount "57"]
[EventDate "2021.??.??"]
[WhiteTeam "SC Windischeschenbach"]
[BlackTeam "SK Kulmbach"]

1. e4 c6 2. d4 d5 3. exd5 cxd5 4. Bd3 Nf6 5. c3 Bg4 6. Nf3 Nc6 7. Bf4 e6 8.
Nbd2 Bd6 9. Bg3 O-O 10. O-O Ne7 11. Qc2 Bf5 12. Bxd6 Qxd6 13. Ne5 b5 14. b4
Rab8 15. Nb3 Rfc8 16. Nc5 Bxd3 17. Qxd3 Nc6 18. Nxc6 Qxc6 19. a4 a5 20. axb5
Rxb5 21. Rxa5 Rxa5 22. bxa5 Ne4 23. Nxe4 dxe4 24. Qb1 Qxc3 25. a6 Qxd4 26. Qb7
Qd8 27. a7 Ra8 28. Rb1 g6 29. Qxa8 1-0

[Event "Bayerische EM 2021 - Männer"]
[Site "Schney"]
[Date "2021.08.26"]
[Round "7.16"]
[White "Stöckl, Stephan"]
[Black "Bratu, Mircea"]
[Result "1-0"]
[WhiteElo "2061"]
[BlackElo "1715"]
[PlyCount "83"]
[EventDate "2021.??.??"]
[WhiteTeam "SK Schwandorf"]
[BlackTeam "SG Schwabing München"]

1. Nf3 d5 2. c4 d4 3. b4 c5 4. Bb2 Nc6 5. b5 Nb8 6. e3 dxe3 7. fxe3 Nf6 8. Be2
e6 9. O-O Be7 10. Qc2 b6 11. Nc3 Nbd7 12. d4 O-O 13. Bd3 Bb7 14. Rae1 h6 15.
Qe2 Qc7 16. Nb1 a6 17. a4 Ne4 18. Nbd2 Ndf6 19. Ne5 axb5 20. axb5 Ra2 21. Nxe4
Nxe4 22. Qc2 Nf6 23. Qb1 Rfa8 24. Re2 Bd6 25. Ref2 R2a7 26. Qd1 Be7 27. Bb1 Rd8
28. Qe2 Rd6 29. Rf4 Ra8 30. Qc2 Kf8 31. Qf2 Rad8 32. Qg3 Rc8 33. Qh3 Ke8 34. g4
Rb8 35. Qg3 Kf8 36. g5 hxg5 37. Qxg5 Rbd8 38. Rh4 cxd4 39. Rh8+ Ng8 40. Ng6+
Ke8 41. Rxg8+ Kd7 42. Qxe7+ 1-0

[Event "Bayerische EM 2021 - Männer"]
[Site "Schney"]
[Date "2021.08.26"]
[Round "7.17"]
[White "Heimerl, Detlev"]
[Black "Salvermoser, Bernd"]
[Result "0-1"]
[WhiteElo "1940"]
[BlackElo "2178"]
[PlyCount "95"]
[EventDate "2021.??.??"]
[WhiteTeam "SF Kirchenlamitz"]
[BlackTeam "SK Penzberg"]

1. d4 c5 2. e3 d5 3. c3 e6 4. Bd3 Bd6 5. f4 Nf6 6. Nf3 O-O 7. O-O b6 8. Qe2 a5
9. Ne5 Ba6 10. Bxa6 Nxa6 11. Nd2 g6 12. Rf3 Ne8 13. Rh3 f6 14. Ng4 h5 15. Nf2
f5 16. Nd3 c4 17. Ne5 Bxe5 18. fxe5 Ng7 19. Nf1 b5 20. Bd2 Rf7 21. Be1 b4 22.
Bh4 g5 23. Be1 g4 24. Bh4 Qe8 25. Rg3 bxc3 26. bxc3 Rb7 27. h3 Rab8 28. Qd1 Nc7
29. Bf6 Nb5 30. Qc1 Qg6 31. hxg4 hxg4 32. Bxg7 Qxg7 33. a4 Na7 34. Qa3 Qe7 35.
Qc1 Nc6 36. e4 dxe4 37. Ne3 Qg5 38. Qd1 Qf4 39. Qe1 Rh7 40. Nxc4 Qh6 41. Qc1
Qh4 42. Qe1 f4 43. Qxe4 fxg3 44. Qg6+ Kh8 45. Kf1 Qh1+ 46. Ke2 Qxg2+ 47. Kd3
Qf3+ 48. Ne3 0-1

[Event "Bayerische EM 2021 - Männer"]
[Site "Schney"]
[Date "2021.08.26"]
[Round "7.18"]
[White "Bruss, Robert"]
[Black "Gebhardt, Christian"]
[Result "1/2-1/2"]
[WhiteElo "1800"]
[BlackElo "1884"]
[PlyCount "192"]
[EventDate "2021.??.??"]
[WhiteTeam "SGem 1882 Fürth"]
[BlackTeam "SV Seubelsdorf"]

1. d4 Nf6 2. c4 g6 3. Nc3 d5 4. cxd5 Nxd5 5. e4 Nxc3 6. bxc3 Bg7 7. Bc4 c5 8.
Ne2 Nc6 9. Be3 O-O 10. O-O Na5 11. Qd3 cxd4 12. cxd4 Nxc4 13. Qxc4 Be6 14. Qb4
Qd6 15. Qd2 Bc4 16. Rfd1 Rfd8 17. Nc3 Rac8 18. Rab1 b6 19. e5 Qd7 20. f4 Bd5
21. Rdc1 Bf8 22. Bf2 Bb7 23. Qd3 Qg4 24. Bg3 Bh6 25. h3 Qd7 26. d5 Bxd5 27.
Nxd5 Rxc1+ 28. Rxc1 Qxd5 29. Qxd5 Rxd5 30. Rc8+ Kg7 31. Rc7 Ra5 32. Rxe7 Kf8
33. Rb7 Rxa2 34. Bh4 g5 35. fxg5 Ra4 36. g3 Bg7 37. Rb8+ Ke7 38. g6+ Rxh4 39.
Rb7+ Ke6 40. gxh4 hxg6 41. Rxa7 Bxe5 42. Kg2 Bd4 43. Kf3 Bc5 44. Rb7 Kf6 45.
Kg4 Bf2 46. h5 gxh5+ 47. Kxh5 Be3 48. Rc7 Kg7 49. Kg4 Kf6 50. Rc6+ Kg7 51. Kf5
Bd4 52. Rd6 Bf2 53. Rd2 Be1 54. Rg2+ Kh8 55. Rb2 Ba5 56. Rb1 Kg7 57. Rb5 Kf8
58. Rb1 Kg7 59. Rb3 b5 60. Rxb5 Bc3 61. Rb3 Bd4 62. Rg3+ Kh8 63. Ke4 Bf6 64.
Kd5 Bg7 65. Kd6 Bf6 66. Kd7 Be5 67. Rg4 Kh7 68. Ke7 f6 69. Ke6 Kh6 70. Kf5 Bc3
71. Rg8 Bb2 72. Rh8+ Kg7 73. Rh4 Bc3 74. Kg4 Kg6 75. Rh5 Be5 76. Rf5 Bc3 77.
Rf3 Bb2 78. Kf4 Bd4 79. Ke4 Be5 80. Kd5 Bb2 81. Ke6 Be5 82. Re3 Bd4 83. Rg3+
Kh6 84. Kf7 Kh5 85. Rg8 f5 86. Rg3 Kh4 87. Rf3 Be5 88. Kg6 Bg3 89. Kxf5 Kxh3
90. Ke4 Kg2 91. Ke3 Bd6 92. Rf5 Be7 93. Kf4 Bd6+ 94. Kg4 Bc7 95. Rc5 Bb6 96.
Rc2+ Kh1 1/2-1/2

[Event "Bayerische EM 2021 - Männer"]
[Site "Schney"]
[Date "2021.08.27"]
[Round "8.1"]
[White "Schulz, Lukas"]
[Black "Ammon, Tobias"]
[Result "1-0"]
[WhiteElo "2274"]
[BlackElo "2168"]
[PlyCount "69"]
[EventDate "2021.??.??"]
[WhiteTeam "SC Erlangen"]
[BlackTeam "SV Altensittenbach"]

1. e4 c5 2. Nf3 e6 3. Nc3 Nc6 4. d4 cxd4 5. Nxd4 Qc7 6. Be3 a6 7. g4 b5 8. Nxc6
Qxc6 9. Bg2 Bb7 10. O-O Rc8 11. a3 h6 12. Re1 Nf6 13. Nd5 Qxc2 14. Qd4 Bc5 15.
Nxf6+ gxf6 16. Qxf6 Bxe3 17. Rxe3 Rg8 18. Rf3 Rf8 19. Rf4 Qd2 20. h4 Rc4 21. h5
Qd4 22. Qxh6 Qxb2 23. Rd1 Qe5 24. Rf6 Bxe4 25. Re1 d5 26. Qg7 Qd4 27. h6 Ke7
28. g5 Qc3 29. Rxe4 dxe4 30. h7 Qc1+ 31. Kh2 Rcc8 32. Bxe4 Qc4 33. Rf4 Qc3 34.
Qxc3 Rxc3 35. g6 1-0

[Event "Bayerische EM 2021 - Männer"]
[Site "Schney"]
[Date "2021.08.27"]
[Round "8.2"]
[White "Miller, Eduard"]
[Black "Wisnet, Dominic"]
[Result "1-0"]
[WhiteElo "2380"]
[BlackElo "2304"]
[PlyCount "75"]
[EventDate "2021.??.??"]
[WhiteTeam "SC Erlangen"]
[BlackTeam "SK Passau"]

1. e4 e5 2. f4 d5 3. exd5 e4 4. d3 Nf6 5. dxe4 Nxe4 6. Nf3 Bc5 7. Qe2 Qe7 8.
Be3 Bxe3 9. Qxe3 O-O 10. Nbd2 Re8 11. O-O-O Nf6 12. Qxe7 Rxe7 13. Bc4 Bg4 14.
Rhe1 Rxe1 15. Rxe1 Bxf3 16. Nxf3 Nbd7 17. Re7 Nb6 18. Rxc7 Nxc4 19. Rxc4 Nxd5
20. Rd4 Nf6 21. c4 g6 22. Kc2 Rc8 23. b4 Kf8 24. Kb3 Ke7 25. Ne5 Rc7 26. c5 Ke6
27. Nc4 h5 28. Ne3 Rc8 29. Kc4 Ke7 30. Rd6 h4 31. a4 Rh8 32. a5 Rc8 33. Kb5 Ne4
34. Nd5+ Kf8 35. Rd7 Rb8 36. a6 bxa6+ 37. Kxa6 Rxb4 38. Rd8+ 1-0

[Event "Bayerische EM 2021 - Männer"]
[Site "Schney"]
[Date "2021.08.27"]
[Round "8.3"]
[White "Reimann, Sebastian"]
[Black "Löw, Gerald"]
[Result "1-0"]
[WhiteElo "2213"]
[BlackElo "2166"]
[PlyCount "111"]
[EventDate "2021.??.??"]
[WhiteTeam "SK Kriegshaber"]
[BlackTeam "TSV Bindlach"]

1. e4 c5 2. Nf3 Nc6 3. d4 cxd4 4. Nxd4 e5 5. Nb5 d6 6. N1c3 a6 7. Na3 Be7 8.
Nc4 b5 9. Ne3 Nf6 10. Ned5 Nxd5 11. Nxd5 O-O 12. Be3 Bg5 13. Bb6 Qd7 14. h4 Bh6
15. g3 Ne7 16. Nxe7+ Qxe7 17. Qd3 a5 18. Be2 Qb7 19. Be3 Bxe3 20. Qxe3 Be6 21.
O-O b4 22. Rfd1 Rfd8 23. Rd2 Rac8 24. Bf3 Rc6 25. a3 Qb6 26. Qxb6 Rxb6 27. axb4
axb4 28. Ra7 Kf8 29. Kf1 Rd7 30. Ra8+ Ke7 31. Ke2 h6 32. Ke3 Rbb7 33. Ra4 Rb6
34. Be2 d5 35. exd5 Rxd5 36. Ra7+ Kf6 37. Rxd5 Bxd5 38. Ra5 Bc6 39. Bc4 g6 40.
Ra7 Be8 41. b3 Rb8 42. Rc7 Rb6 43. Bd5 Rd6 44. Ke4 Rb6 45. f3 Rb5 46. g4 Rb6
47. Ra7 Rd6 48. Rb7 Bd7 49. g5+ hxg5 50. hxg5+ Kxg5 51. Kxe5 Rxd5+ 52. Kxd5
Be6+ 53. Ke4 Bf5+ 54. Ke3 Bxc2 55. Rxb4 Kf5 56. Kd2 1-0

[Event "Bayerische EM 2021 - Männer"]
[Site "Schney"]
[Date "2021.08.27"]
[Round "8.4"]
[White "Schmid, Roland"]
[Black "Reis, Gerhard"]
[Result "1-0"]
[WhiteElo "2325"]
[BlackElo "2223"]
[PlyCount "91"]
[EventDate "2021.??.??"]
[WhiteTeam "Post Regensburg"]
[BlackTeam "SW Nürnberg Süd"]

1. Nf3 Nf6 2. c4 g6 3. Nc3 d5 4. Qa4+ Bd7 5. Qb3 dxc4 6. Qxc4 Bg7 7. e4 c6 8.
Ng5 O-O 9. e5 Nd5 10. Qh4 h6 11. Nf3 g5 12. Qe4 f5 13. Qc4 e6 14. d4 Be8 15. h4
g4 16. Ng1 b5 17. Qb3 c5 18. Nxd5 exd5 19. Bf4 Nc6 20. Ne2 c4 21. Qc3 Rb8 22.
g3 Qe7 23. Bg2 Nb4 24. O-O Bc6 25. Nc1 Rb6 26. Bd2 Na6 27. Ne2 b4 28. Qc1 Kh7
29. Nf4 Nc7 30. Qd1 Qd7 31. f3 Ne6 32. fxg4 Nxd4 33. Be3 Nb5 34. Bxb6 axb6 35.
Bxd5 Bxe5 36. Bxc4 Nd4 37. g5 Bb7 38. Qh5 Bg7 39. Rad1 Nf3+ 40. Kh1 Nd2+ 41.
Kh2 Nxf1+ 42. Bxf1 Qc8 43. Qg6+ Kh8 44. Rd2 Qc1 45. Rf2 Qe1 46. Qxb6 1-0